000 002620000a22000970004500
100 1 _aFernando, Ajith
245 1 0 _aRediscovering the doctrine of lostness (part II)
300 _aVol. 15, Núm 50 (1988), Páginas 14
773 0 _tWorld Evangelization
942 _cANA
999 _c58104
_d58104